|
|
|
|
| LEADER |
00000nas a22000001a 4500 |
| 001 |
vtls010301899 |
| 003 |
SK-MaSNL |
| 005 |
20260228162550.0 |
| 008 |
110810d19541954xo mr p r 0 b0slo |
| 015 |
|
|
|a SNBDS17XX9999
|
| 015 |
|
|
|a 1081
|2 Balúnová 1945-60
|
| 038 |
|
|
|a SNKBUDS
|
| 040 |
|
|
|a SNK
|b slo
|c SNK
|e AACR2
|
| 041 |
0 |
|
|a slo
|
| 044 |
|
|
|a xo
|c SK
|
| 080 |
|
|
|a 070.489
|2 2001
|
| 080 |
|
|
|a 663.4
|2 2001
|
| 245 |
0 |
0 |
|a Pivovarník
|b časopis zamestnancov Západoslovenských pivovarov, národný podnik Bratislava
|
| 260 |
|
|
|a Bratislava
|b ZO KSS, ZR ROH, ZO ČSM a vedenie závodu pri Západoslovenských pivovaroch n. p. v Bratislave
|c 1954
|
| 300 |
|
|
|a 1 roč.
|c 30 x 22 cm
|
| 362 |
0 |
|
|a Roč. II, č. 2 (30.10.1954)-č. 4 (18.12.1954)
|
| 500 |
|
|
|a Vych. v Bratislave mesačne
|
| 500 |
|
|
|a Ved. red. Anna Kurinová s red. radou
|
| 500 |
|
|
|a Vyd. ZO KSS, ZR ROH, ZO ČSM a vedenie závodu pri Západoslov. pivovaroch n. p. v Bratislave
|
| 500 |
|
|
|a Tlač. Grafické tlačiarne - OUŠPZ - 15 v Bratislave
|
| 500 |
|
|
|a Vych. od 30. okt. 1954. Pov. PK č. 9-2600/54-II z 19. okt. 1954. Posl. č. z 18. dec. 1954
|
| 505 |
8 |
0 |
|g Roč. II. 1954 č. 2-4 po 8 s.
|
| 580 |
|
|
|a Nadviazal na Západo-pivo
|
| 610 |
2 |
7 |
|a Západoslovenské pivovary, n.p. (Bratislava, Slovensko)
|x časopisy
|2 SNKBUDS
|9 271432
|
| 650 |
0 |
7 |
|a pivovary
|2 SNKBUDS
|9 29703
|
| 650 |
0 |
7 |
|a pivovarníctvo
|2 SNKPH
|9 17083
|
| 655 |
|
7 |
|a podnikové časopisy
|2 SNKBUDS
|9 265225
|
| 700 |
1 |
|
|a Kurinová, Anna
|4 pbd
|9 271433
|
| 710 |
2 |
|
|a Západoslovenské pivovary, n.p. (Bratislava)
|e vydav.
|9 271434
|
| 710 |
2 |
|
|a Grafické tlačiarne (Bratislava)
|e tlač.
|9 271435
|
| 780 |
0 |
0 |
|t Západo-pivo
|
| 852 |
|
|
|a SNK
|b 10000
|h SB 5405
|
| 852 |
|
|
|a SVKKK
|b 900000
|h C 356
|
| 999 |
|
|
|c 8065
|d 9995
|